Dissenters, radicals, heretics and blasphemers (Record no. 8603)
[ view plain ]
| 000 -LEADER | |
|---|---|
| fixed length control field | 01346nam a2200301Ia 4500 |
| 001 - CONTROL NUMBER | |
| control field | ebr10696126 |
| 003 - CONTROL NUMBER IDENTIFIER | |
| control field | CaPaEBR |
| 006 - FIXED-LENGTH DATA ELEMENTS--ADDITIONAL MATERIAL CHARACTERISTICS--GENERAL INFORMATION | |
| fixed length control field | m u |
| 007 - PHYSICAL DESCRIPTION FIXED FIELD--GENERAL INFORMATION | |
| fixed length control field | cr cn||||||||| |
| 008 - FIXED-LENGTH DATA ELEMENTS--GENERAL INFORMATION | |
| fixed length control field | 130516s2012 enk s 000 0 eng d |
| 020 ## - INTERNATIONAL STANDARD BOOK NUMBER | |
| Cancelled/invalid ISBN | 1904380824 |
| Cancelled/invalid ISBN | 9781904380825 |
| Cancelled/invalid ISBN | 9781908162076 |
| 040 ## - CATALOGING SOURCE | |
| Original cataloging agency | CaPaEBR |
| Transcribing agency | CaPaEBR |
| 035 ## - SYSTEM CONTROL NUMBER | |
| System control number | (OCoLC)844940542 |
| 050 14 - LIBRARY OF CONGRESS CALL NUMBER | |
| Classification number | JC328.3 |
| Item number | .H657 2012eb |
| 100 1# - MAIN ENTRY--PERSONAL NAME | |
| Personal name | Hostettler, John. |
| 245 10 - TITLE STATEMENT | |
| Title | Dissenters, radicals, heretics and blasphemers |
| Medium | [electronic resource] : |
| Remainder of title | the flame of revolt that shines through English history / |
| Statement of responsibility, etc | John Hostettler. |
| 260 ## - PUBLICATION, DISTRIBUTION, ETC. (IMPRINT) | |
| Place of publication, distribution, etc | [Sherfield on Loddon, Hook, Hampshire [England]] : |
| Name of publisher, distributor, etc | Waterside Press ; |
| Place of publication, distribution, etc | Portland, Or. : |
| Name of publisher, distributor, etc | International Specialised Book Services, North American distributor, |
| Date of publication, distribution, etc | 2012. |
| 300 ## - PHYSICAL DESCRIPTION | |
| Extent | xiii, 280 p. |
| 533 ## - REPRODUCTION NOTE | |
| Type of reproduction | Electronic reproduction. |
| Place of reproduction | Palo Alto, Calif. : |
| Agency responsible for reproduction | ebrary, |
| Date of reproduction | 2013. |
| Note about reproduction | Available via World Wide Web. |
| -- | Access may be limited to ebrary affiliated libraries. |
| 650 #0 - SUBJECT ADDED ENTRY--TOPICAL TERM | |
| Topical term or geographic name as entry element | Dissenters |
| Geographic subdivision | Great Britain |
| General subdivision | History. |
| Topical term or geographic name as entry element | Government, Resistance to |
| Geographic subdivision | Great Britain |
| General subdivision | History. |
| Topical term or geographic name as entry element | Human rights |
| Geographic subdivision | England |
| General subdivision | History. |
| 655 #7 - INDEX TERM--GENRE/FORM | |
| Genre/form data or focus term | Electronic books. |
| Source of term | local |
| 710 2# - ADDED ENTRY--CORPORATE NAME | |
| Corporate name or jurisdiction name as entry element | ebrary, Inc. |
| 856 40 - ELECTRONIC LOCATION AND ACCESS | |
| Uniform Resource Identifier | <a href="http://site.ebrary.com/lib/rucke/Doc?id=10696126">http://site.ebrary.com/lib/rucke/Doc?id=10696126</a> |
| Public note | An electronic book accessible through the World Wide Web; click to view |
No items available.
